| 000 | 01325cam a2200373Ma 4500 | ||
|---|---|---|---|
| 999 |
_c2610 _d2610 |
||
| 001 | 453179 | ||
| 003 | GBCCL | ||
| 005 | 20241126110433.0 | ||
| 008 | 940222s1955 cau d 000 0aeng d | ||
| 010 | _a 56005329 | ||
| 020 | _a0156870118 (pbk.) | ||
| 020 | _a9780156870115 (pbk.) | ||
| 035 | _a(OCoLC)ocn818199916 | ||
| 035 | _a(OCoLC)818199916 | ||
| 040 |
_aTWWZU _beng _cTWWZU _dOCLCO _dOCLCF _dOCLCO _dLBB |
||
| 044 | _axxu | ||
| 049 |
_aLBBA _aLBBC |
||
| 082 |
_a248.246092 _bLEW |
||
| 090 |
_aBV4935.L43 _bA3 1955 |
||
| 100 | 1 |
_aLewis, C. S. _q(Clive Staples), _d1898-1963. _93118 |
|
| 245 | 1 | 0 |
_aSurprised by joy : _bthe shape of my early life / _cC.S. Lewis. |
| 260 |
_aSan Diego, CA : _bHarcourt Brace, _cc1955. |
||
| 300 |
_aix, 238 p. ; _c21 cm. |
||
| 600 | 1 | 0 |
_aLewis, C. S. _q(Clive Staples), _d1898-1963. _93118 |
| 600 | 1 | 7 |
_aLewis, C. S. _q(Clive Staples), _d1898-1963. _2fast _0(OCoLC)fst00029827 _93118 |
| 648 | 7 |
_a1900 - 1999 _2fast _91533 |
|
| 650 | 0 |
_aAnglican converts _vBiography. _95496 |
|
| 650 | 0 |
_aAuthors, English _y20th century _vBiography. _95437 |
|
| 650 | 7 |
_aAnglican converts. _2fast _0(OCoLC)fst00808916 _95497 |
|
| 650 | 7 |
_aAuthors, English. _2fast _0(OCoLC)fst00821945 _95498 |
|
| 655 | 7 |
_aBiography. _2fast _0(OCoLC)fst01423686 _95066 |
|
| 740 | 0 | _aShape of my early life. | |
| 942 |
_2ddc _cBK _01 |
||